Mack Bolan Island Death Trap. (Record no. 268095)

MARC details
000 -LEADER
fixed length control field 00469nam a2200181Ia 4500
008 - FIXED-LENGTH DATA ELEMENTS--GENERAL INFORMATION
fixed length control field 090630s9999 xx 000 0 und d
082 ## - DEWEY DECIMAL CLASSIFICATION NUMBER
Item number 16239
100 ## - MAIN ENTRY--PERSONAL NAME
Personal name Don Pendletons.
245 ## - TITLE STATEMENT
Title Mack Bolan Island Death Trap.
Statement of responsibility, etc Don Pendletons.
260 ## - PUBLICATION, DISTRIBUTION, ETC. (IMPRINT)
Name of publisher, distributor, etc ---
300 ## - PHYSICAL DESCRIPTION
Extent 189
600 ## - SUBJECT ADDED ENTRY--PERSONAL NAME
Personal name Don Pendletons.
630 ## - SUBJECT ADDED ENTRY--UNIFORM TITLE
Uniform title Mack Bolan Island Death Trap.
655 ## - INDEX TERM--GENRE/FORM
Genre/form data or focus term English.
700 ## - ADDED ENTRY--PERSONAL NAME
Personal name Don Pendletons.
730 ## - ADDED ENTRY--UNIFORM TITLE
Uniform title Mack Bolan Island Death Trap.
942 ## - ADDED ENTRY ELEMENTS (KOHA)
Koha item type Book
Holdings
Withdrawn status Lost status Damaged status Not for loan Home library Current library Date acquired Cost, normal purchase price Total Checkouts Full call number Barcode Date last seen Cost, replacement price Price effective from Koha item type
        Sarvajanik Wachanalaya Shrivardhan Sarvajanik Wachanalaya Shrivardhan 02/08/2004 0.00   16239 SAWASHRI-16239 06/30/2009 0.00 06/30/2009 Book